|
|
|
|
| LEADER |
00000nam a2200000 a 4500 |
| 001 |
vtls001365683 |
| 003 |
SK-MaSNL |
| 005 |
20260301182951.0 |
| 008 |
240315s1999 xo ap r yy slo |
| 015 |
|
|
|a SNBA1999/10-03645
|
| 020 |
|
|
|a 8022511277
|c 60,00 Sk
|
| 035 |
|
|
|a SNK000319338
|
| 035 |
|
|
|a urn:nbn:sk:snk-amkjlm
|
| 035 |
|
|
|a urn:nbn:sk:snk-am003aa2
|
| 035 |
|
|
|a F32D1464-EDA9-4C46-B531-473721AD904B
|
| 040 |
|
|
|a SNK
|b slo
|c SNK
|e AACR2
|
| 041 |
0 |
|
|a slo
|
| 044 |
|
|
|a xo
|c SK
|
| 080 |
|
|
|a 330.101.541
|2 1981
|
| 100 |
1 |
|
|a Martincová, Marta,
|d 1955-
|4 aut
|9 216183
|
| 245 |
1 |
0 |
|a Teoretické problémy makroekonomickej rovnováhy
|c Marta Martincová
|
| 260 |
|
|
|a Bratislava
|b Ekonóm
|c 1999
|
| 300 |
|
|
|a 149 s.
|b sch., tab.
|c 21 cm
|
| 500 |
|
|
|a 200 výt.
|
| 504 |
|
|
|a Bibliogr. s. 147-149
|
| 650 |
0 |
7 |
|a makroekonómia
|x monografie
|2 SNK
|9 389029
|
| 655 |
|
7 |
|a príručky
|2 SNK
|9 74364
|
| 919 |
|
|
|a 80-225-1127-7
|
| 958 |
|
|
|a TL
|
| 958 |
|
|
|a NB
|
| 958 |
|
|
|a UV
|
| 999 |
|
|
|c 855377
|d 857307
|
| 952 |
|
|
|t P60, <03>, [BOOK], {603}
|a SNK
|b SNK
|y PREZ
|7 0
|p 17A0197235
|o snkSC 98931
|i snkKSP 6618/99
|0 0
|1 0
|4 0
|d 1999-06-15
|f 1
|l 0
|r 2025-09-18 00:00:00
|w 2026-02-24
|
| 952 |
|
|
|t P60, <04>, [BOOK], {604}
|a SNK
|b SNK
|y VYP
|7 0
|p 17A0197236
|o snkSC 98931 D1
|i snkKSP 6619/99
|0 0
|1 0
|4 0
|d 1999-06-15
|l 0
|r 2005-01-02 00:00:00
|w 2026-02-24
|
| 952 |
|
|
|t P60, <04>, [BOOK], {604}
|a SNK
|b SNK
|y VYP
|7 0
|p 17A0222598
|o snkSC 98931 D2
|i snkK 1286/99
|0 0
|1 0
|4 0
|d 1999-12-20
|l 0
|r 2005-01-02 00:00:00
|w 2026-02-24
|